Best Nicknames for Caseoh_ - Statistics

General Stats
  • This quiz has been taken 99 times
  • The average score is 3 of 17
Answer Stats
Hint Answer % Correct
Julius Caesar Julius Caesar Salad
36%
Shaquille O'Neal Shaquille O'Meal
34%
Kevin Durant Kevin Duranch
32%
50 Shades of Grey 50 Shades of Gravy
30%
Jason Voorhees Jason Four cheese
27%
Lego 1 by 1 Lego piece
26%
Brad Pitt Bread Pitt
18%
Dr. Phil Dr. Philly Cheese Steak
16%
Michael Jackson Michael Snackson
16%
Vladimir Putin Vladimir Gluten
15%
Ed Sheeran Ed ain't Sharin'
12%
Ice Spice Rice Spice
12%
Sam Sulek Ham Sulek
8%
The Notorious B.I.G Notorious B.L.T./ Notorious E.A.T.
8%
Freddy Mercury Fatty Mercury
5%
The amazing world of Gumball The Amazing World of Gumbo
5%
Joe Biden Joe Bitin'\ Dough Biden
3%
No matching quizzes found
Score Distribution
Percent of People with Each Score
Percentile by Number Answered
Your Score History
You have not taken this quiz